000 00402nam a2200157 i 4500
001 bg
100 1 _aBIEŃKOWSKI, Kosma
245 0 _aTurbo Prolog 2.0 :
_bkompendium /
_cKosma Bieńkowski, Janusz Sobecki.
260 _aWarszawa,
_c1991.
700 1 _aSOBECKI, Janusz
040 _cBPK
041 _apol
080 _a519.682:681.322.06
942 _cKS
008 s pl f |000 0 pol
999 _c29377
_d29377
856 _uhttp://koha.tu.koszalin.pl/cgi-bin/koha/opac-detail.pl?biblionumber=29377
_yKatalog online BPK